|
|
|
|
| LEADER |
01810cas a2200265 a 4500 |
| 001 |
AALejournalIMF009442 |
| 008 |
230101c9999 xx r poo 0 0eng d |
| 020 |
|
|
|c 5.00 USD
|
| 020 |
|
|
|z 9781451867428
|
| 022 |
|
|
|a 1018-5941
|
| 040 |
|
|
|a BD-DhAAL
|c BD-DhAAL
|
| 100 |
1 |
|
|a Plekhanov, Alexander.
|
| 245 |
1 |
0 |
|a Fiscal Adjustments :
|b Determinants and Macroeconomic Consequences /
|c Alexander Plekhanov, Manmohan Kumar, Daniel Leigh.
|
| 264 |
|
1 |
|a Washington, D.C. :
|b International Monetary Fund,
|c 2007.
|
| 300 |
|
|
|a 1 online resource (38 pages)
|
| 490 |
1 |
|
|a IMF Working Papers
|
| 500 |
|
|
|a <strong>Off-Campus Access:</strong> No User ID or Password Required
|
| 500 |
|
|
|a <strong>On-Campus Access:</strong> No User ID or Password Required
|
| 506 |
|
|
|a Electronic access restricted to authorized BRAC University faculty, staff and students
|
| 520 |
3 |
|
|a The paper analyzes the determinants of success of recent fiscal consolidations in the OECD countries as well as the short-run and long-run effects of fiscal adjustments on economic activity by looking at fourteen case studies, panel data for OECD countries, and the results of simulations using a non-Ricardian multi-country dynamic general equilibrium model. The study finds that while fiscal consolidations tend to have short-run contractionary effects, they can be expansionary in the long run, provided that they do not rely excessively on cuts in productive government expenditure. They can also create positive spillover effects for the rest of the world.
|
| 538 |
|
|
|a Mode of access: Internet
|
| 700 |
1 |
|
|a Kumar, Manmohan.
|
| 700 |
1 |
|
|a Leigh, Daniel.
|
| 830 |
|
0 |
|a IMF Working Papers; Working Paper ;
|v No. 2007/178
|
| 856 |
4 |
0 |
|z Full text available on IMF
|u http://elibrary.imf.org/view/journals/001/2007/178/001.2007.issue-178-en.xml
|z IMF e-Library
|